| 000 | 00755cab a2200265 4500 | ||
|---|---|---|---|
| 001 | E84621 | ||
| 008 | 090401t1997 xxu||||| |||| 00| 0 eng d | ||
| 035 | _a(Sirsi) u79022 | ||
| 041 | _aeng | ||
| 100 | _aParry, G. | ||
| 245 | _aLandfill tax | ||
| 260 | _c1997 | ||
| 350 | _a0 | ||
| 490 |
_aProperty Law _v(25) February 1997, 5-6(2) |
||
| 520 | _aIntroducces the main landfill tax provisions of the Finance Act 1996 and relevant secondary legislation. | ||
| 650 | _aENVIRONMENTAL PROTECTION ACT 1990 PART II | ||
| 650 | _aENVIRONMENTAL PROTECTION ACT 1990 | ||
| 650 | _aFINANCE ACT 1996 PART III | ||
| 650 | _aFINANCE ACT 1996 | ||
| 650 | _aLANDFILL TAX | ||
| 690 | _aLAND | ||
| 700 | _aEdwards, D | ||
| 942 | _n0 | ||
| 948 | _c18/06/1997 | ||
| 999 |
_c49656 _d49656 |
||